000
00340nam a22001577a 4500
003
SGT
020
_a
9780323530545
082
_a
617.8
_b
M20D
100
_a
DUFFY, JOSEPH R.
245
_a
MOTOR SPEECH DISORDERS
250
_a
4TH
260
_a
EDINBURGH
_b
ELSEVIER PUB.
_c
2020
300
_a
497
650
_a
AUDIOLOGY
942
_2
ddc
_c
BK
999
_c
22971
_d
22971